Industrialized and automated building systems: a managerial approach. (Record no. 99075)

MARC details
000 -LEADER
fixed length control field 00678cam a2200253 4500
008 - FIXED-LENGTH DATA ELEMENTS--GENERAL INFORMATION
fixed length control field 090401t1999 xxu||||| |||| 00| 0 eng d
020 ## - INTERNATIONAL STANDARD BOOK NUMBER
International Standard Book Number 0419206205
035 ## - SYSTEM CONTROL NUMBER
System control number (Sirsi) u98069
041 ## - LANGUAGE CODE
Language code of text/sound track or separate title eng
050 ## - LIBRARY OF CONGRESS CALL NUMBER
Classification number 693.97
100 ## - MAIN ENTRY--PERSONAL NAME
Personal name Warszawski, Abraham
245 ## - TITLE STATEMENT
Title Industrialized and automated building systems: a managerial approach.
250 ## - EDITION STATEMENT
Edition statement 2nd.
260 ## - PUBLICATION, DISTRIBUTION, ETC.
Place of publication, distribution, etc. London
Name of publisher, distributor, etc. E & F N Spon
Date of publication, distribution, etc. 1999
300 ## - PHYSICAL DESCRIPTION
Extent xiv, 464p. ; 25cm.
350 ## - PRICE (NR) (BK AM CF MU VM SE) [OBSOLETE]
Price 85.00
650 ## - SUBJECT ADDED ENTRY--TOPICAL TERM
Topical term or geographic name entry element PREFABRICATION PLANTS
650 ## - SUBJECT ADDED ENTRY--TOPICAL TERM
Topical term or geographic name entry element COST ESTIMATING
650 ## - SUBJECT ADDED ENTRY--TOPICAL TERM
Topical term or geographic name entry element ROBOTICS
650 ## - SUBJECT ADDED ENTRY--TOPICAL TERM
Topical term or geographic name entry element BUILDING PROCESS
690 ## - LOCAL SUBJECT ADDED ENTRY--TOPICAL TERM (OCLC, RLIN)
Topical term or geographic name as entry element BUILT ENVIRONMENT-BUILDING MATERIALS
942 ## - ADDED ENTRY ELEMENTS (KOHA)
Suppress in OPAC 0
948 ## - LOCAL PROCESSING INFORMATION (OCLC); SERIES PART DESIGNATOR (RLIN)
c (OCLC) 04/03/1997
Holdings
Withdrawn status Lost status Source of classification or shelving scheme Damaged status Not for loan Home library Current library Shelving location Date acquired Total Checkouts Full call number Barcode Date last seen Date last checked out Copy number Price effective from Koha item type
    Other/Generic Classification Scheme     London London Books 22/12/1999 16 693.97 WAR 30060249 06/08/2019 21/07/2005 1 06/08/2019 Book